Cidades-sede da Copa do Mundo FIFA 2026 - Statistics

Estatísticas Gerais
  • Esse quiz foi jogado 193 vezes
  • A pontuação média é 11 de 16
Estatísticas das Respostas
País Cidade % Correto
México Cidade do México
94%
Estados Unidos Inglewood (Los Angeles)
91%
Estados Unidos East Rutherford (Nova York)
90%
Canadá Toronto
90%
Estados Unidos Miami Gardens (Miami)
82%
México Zapopan (Guadalajara)
75%
Canadá Vancouver
73%
Estados Unidos Foxborough (Boston)
72%
Estados Unidos Houston
66%
Estados Unidos Arlington (Dallas)
65%
Estados Unidos Santa Clara (San Francisco)
65%
Estados Unidos Atlanta
60%
Estados Unidos Seattle
60%
México Guadalupe (Monterrey)
53%
Estados Unidos Philadelphia
51%
Estados Unidos Kansas City
30%
Nenhum quiz correspondente encontrado
Distribuição das Pontuações
Porcentagem de Pessoas com Cada Pontuação
Percentil de Números Respondidos
Sua Pontuação Histórica
Você não jogou esse quiz